O pastorzinho e o lobo (Record no. 111040)

MARC details
000 -LÍDER
campo de controle de tamanho fixo 00615 a2200229 4500
001 - NÚMERO DE CONTROLE
campo de controle 111040
020 ## - ISBN - INTERNATIONAL STANDARD BOOK NUMBER
ISBN - International Standard Book Number 9788572911658
041 ## - CÓDIGO DE IDIOMA
Código do idioma do texto/trilha sonora ou título diferente por
082 ## - CDD - CLASSIFICAÇÃO DECIMAL DE DEWEY
Número de Classificação JK 808
040 ## - FONTE DA CATALOGAÇÃO
Instituição da catalogação original BR-BrIDEA
Instituição que transcreveu o registro BR-BrIDEA
090 ## - NÚMERO DE CHAMADA LOCAL
Número de chamada (OCLC) (R); Número de chamada, CALL (RLIN) (NR) JK 808
Número Cutter local (OCLC); Número de classificação do livro, CALL (RLIN) MOR
100 ## - ENTRADA PRINCIPAL--NOME PESSOAL
Nome pessoal Morisson, Mauro Escocard.
250 ## - EDIÇÃO
Edição . ed.
245 10 - TÍTULO
Título O pastorzinho e o lobo
Restante do título adaptação da Fábula de Esopo
Indicação de responsabilidade, etc. Mauro Escocard Morisson
260 ## - PUBLICAÇÃO, DISTRIBUIÇÃO, ETC.
Local de publicação, distribuição, etc. [S.l.]
Nome do editor, distribuidor, etc. Papa-Livro
Data da publicação, distribuição, etc. 2011
300 ## - DESCRIÇÃO FÍSICA
Extensão 30 p.
490 ## - TÍTULO DA SÉRIE
Título da série Bonecos do vovô
697 ## - ENTRADA DE ASSUNTO LOCAL--ENTIDADE COLETIVA (RLIN)
Nome corporativo ou nome da jurisdição Literatura infantojuvenil brasileira.
830 ## - ENTRADA SECUNDÁRIA DE SÉRIE--TÍTULO UNIFORME
Título uniforme Bonecos do vovô
856 ## - LOCALIZAÇÃO ELETRÔNICA E ACESSO
Uniform Resource Identifier <a href="000004/00000480.jpeg">000004/00000480.jpeg</a>
942 ## - ELEMENTOS DE ENTRADA ADICIONADOS (KOHA)
Tipo de material Koha Livros
Holdings
Situação do descarte Situação das perdas Fonte da classificação ou esquema de arquivamento na estante Situação física Não pode ser emprestado Biblioteca de origem Biblioteca atual Data de aquisição Total de empréstimos Número de chamada completo Código de barras Data de último acesso Data do preço efetivo Tipo de material Koha Data do último empréstimo
          Canadian School of Niterói - Piratininga Canadian School of Niterói - Piratininga 09/02/2024   MOR - P7 A25991 09/02/2024 09/02/2024 Livros  
    Classificação Decimal de Dewey     ECB - SUDOESTE ECB - SUDOESTE 13/09/2013   Year 1 808 00005607SSW 23/01/2024 23/01/2024 Livros  
    Classificação Decimal de Dewey     ECB - SUDOESTE ECB - SUDOESTE 12/03/2013 1 JK 808 00000950SSW 12/03/2024 23/01/2024 Livros 08/03/2024
    Classificação Decimal de Dewey     ECB - SUDOESTE ECB - SUDOESTE 02/04/2013   Year 1 808 00001239SSW 23/01/2024 23/01/2024 Livros  
    Classificação Decimal de Dewey     ECB - SUDOESTE ECB - SUDOESTE 04/04/2013 1 Year 1 808 00001278SSW 28/08/2024 23/01/2024 Livros 12/03/2024
    Classificação Decimal de Dewey     ECB - SUDOESTE ECB - SUDOESTE 25/09/2013   P Year 2 808 00005910SSW 23/01/2024 23/01/2024 Livros  
    Classificação Decimal de Dewey     ECB - ÁGUAS CLARAS ECB - ÁGUAS CLARAS 20/02/2020   A SK 808 MOR 00049144AGC 23/01/2024 23/01/2024 Livros